Les cartes de Call of Duty - Statistiques

Statistiques générales
  • Ce quiz a été pris 38 fois
  • Le résultat moyen est 10 sur 31
Statistiques - réponses
BO2 % Correct
Hijacked
75%
Raid
66%
Slums
63%
Standoff
63%
Nuketown 2025
59%
Plaza
53%
Yemen
50%
Carrier
47%
Aftermath
44%
Turbine
44%
Express
34%
Cargo
31%
Drone
31%
Meltdown
31%
Studio
31%
Magma
28%
Grind
25%
Overflow
25%
Pod
25%
Rush
22%
Uplink
22%
Downhill
19%
Hydro
19%
Mirage
19%
Takeoff
19%
Vertigo
19%
Dig
16%
Encore
16%
Frost
16%
Detour
13%
Core
0%
Aucun quiz correspondant
Distribution des résultats
% des personnes avec chaque résultat
Percentile par nombre de réponses
Votre historique - résultats
Vous n’avez pas pris ce quiz